[Event "Elancourt op"]
[Site "Elancourt"]
[Date "2006.04.18"]
[Round "4"]
[White "Benhamouda, Fabrice"]
[Black "Laurent, Jerome"]
[Result "1/2-1/2"]
[WhiteElo "1610"]
[BlackElo "1840"]
[PlyCount "104"]
[EventDate "2006.04.16"]
[EventType "swiss"]
[EventRounds "9"]
[EventCountry "FRA"]
[SourceTitle "CBM 111 Extra"]
[Source "ChessBase"]
[SourceDate "2006.05.09"]
[SourceVersion "1"]
[SourceVersionDate "2006.05.09"]
[SourceQuality "1"]

1. e4 e5 2. Nf3 Nf6 3. Nxe5 d6 4. Nf3 Nxe4 5. d4 d5 6. Bd3 Bd6 7. 0-0 0-0 8. c4 c6 9. Nc3 Nxc3 10. bxc3 Bg4 11. cxd5 cxd5 12. Be2 Re8 13. Re1 Nd7 14. Be3 Rc8 15. Qb3 Nb6 16. Bb5 Bd7 17. Rac1 Bxb5 18. Qxb5 Qd7 19. Qxd7 Nxd7 20. Nd2 b5 21. Nb3 Rc7 22. Bd2 Rcc8 23. Be3 Re6 24. Nd2 Nb6 25. Nf3 f6 26. h3 Rce8 27. Kf1 Nc4 28. Bd2 Nxd2+ 29. Nxd2 Bf4 30. Rxe6 Rxe6 31. Rc2 Bxd2 32. Rxd2 Rc6 33. Rd3 Rc4 34. Ke2 Ra4 35. Rd2 Kf7 36. f4 Ra3 37. Rc2 Ke6 38. g4 g6 39. Kd2 Ra6 40. Kc1 Kd7 41. Re2 Rc6 42. Kb2 b4 43. cxb4 Rc4 44. Rd2 Rxb4+ 45. Kc3 Rc4+ 46. Kb2 h6 47. a3 g5 48. f5 a5 49. Rd3 a4 50. Kb1 Kc6 51. Ka2 Kb5 52. Kb2 Kb6 1/2-1/2

[Event "Elancourt op"]
[Site "Elancourt"]
[Date "2005.04.28"]
[Round "7"]
[White "Benhamouda, Fabrice"]
[Black "Dubos, Jean Luc"]
[Result "1-0"]
[WhiteElo "1520"]
[BlackElo "1430"]
[PlyCount "91"]
[EventDate "2005.04.23"]
[EventType "swiss"]
[EventRounds "9"]
[EventCountry "FRA"]
[SourceTitle "CBM 105 Extra"]
[Source "ChessBase"]
[SourceDate "2005.05.01"]
[SourceVersion "1"]
[SourceVersionDate "2005.05.01"]
[SourceQuality "1"]

1. e4 e6 2. d4 d5 3. Nc3 c5 4. exd5 exd5 5. Bb5+ Nc6 6. Nf3 Nf6 7. 0-0 Be6 8. Ne5 Qc7 9. Re1 a6 10. Bxc6+ bxc6 11. dxc5 Bxc5 12. Nd3 Bd6 13. h3 h6 14. Ne2 0-0 15. Bf4 Rfe8 16. Bxd6 Qxd6 17. Nd4 Bd7 18. c3 c5 19. Nf3 Rac8 20. Nde5 Be6 21. Qd2 Ne4 22. Rxe4 f6 23. Nc4 Qe7 24. Rxe6 Qxe6 25. Ne3 Red8 26. Nc2 Qb6 27. b3 a5 28. Rb1 a4 29. Kh2 Rb8 30. b4 Qa6 31. Na3 cxb4 32. cxb4 Qd6+ 33. Kg1 Rb7 34. Nd4 Rdb8 35. Nac2 Re7 36. a3 Qd7 37. Ne3 Rc8 38. b5 Rb8 39. Nc6 Qe6 40. Qxd5 Qxd5 41. Nxd5 Rbb7 42. b6 Re6 43. Na5 Rb8 44. b7 Rd6 45. Ne7+ Kf7 46. Nec6 1-0

[Event "Elancourt op"]
[Site "Elancourt"]
[Date "2005.04.26"]
[Round "5"]
[White "Guillet, Jacques"]
[Black "Benhamouda, Fabrice"]
[Result "1/2-1/2"]
[WhiteElo "1230"]
[BlackElo "1520"]
[PlyCount "58"]
[EventDate "2005.04.23"]
[EventType "swiss"]
[EventRounds "9"]
[EventCountry "FRA"]
[SourceTitle "CBM 105 Extra"]
[Source "ChessBase"]
[SourceDate "2005.05.01"]
[SourceVersion "1"]
[SourceVersionDate "2005.05.01"]
[SourceQuality "1"]

1. e4 e5 2. Nf3 Nc6 3. d4 exd4 4. Bc4 d6 5. c3 Ne5 6. Nxe5 dxe5 7. 0-0 c5 8. Qa4+ b5 9. Qxb5+ Qd7 10. Qb3 Bb7 11. Nd2 Nf6 12. Re1 Bd6 13. Bb5 Bc6 14. Nc4 0-0 15. Bxc6 Qxc6 16. Nxd6 Qxd6 17. Qd1 Qc6 18. Qf3 Rfe8 19. Bg5 Rad8 20. cxd4 cxd4 21. Rac1 Qb6 22. b3 d3 23. Red1 h6 24. Be3 Qb7 25. Rc4 Qa6 26. Ra4 Qc6 27. Bxa7 Qc2 28. Rc4 Qxa2 29. Rc3 Qxa7 1/2-1/2

[Event "Elancourt op"]
[Site "Elancourt"]
[Date "2005.04.23"]
[Round "1"]
[White "Aouizerate, Robert"]
[Black "Benhamouda, Fabrice"]
[Result "1/2-1/2"]
[WhiteElo "1989"]
[BlackElo "1520"]
[PlyCount "107"]
[EventDate "2005.04.23"]
[EventType "swiss"]
[EventRounds "9"]
[EventCountry "FRA"]
[SourceTitle "CBM 105 Extra"]
[Source "ChessBase"]
[SourceDate "2005.05.01"]
[SourceVersion "1"]
[SourceVersionDate "2005.05.01"]
[SourceQuality "1"]

1. e4 e5 2. Bc4 Bc5 3. Nf3 Nc6 4. 0-0 d6 5. c3 Nf6 6. d4 Bb6 7. dxe5 dxe5 8. Qxd8+ Nxd8 9. Nxe5 Nxe4 10. Nd2 Nd6 11. Re1 0-0 12. Bb3 Be6 13. Bxe6 Nxe6 14. Ndf3 Rad8 15. a4 a5 16. Be3 Bxe3 17. Rxe3 f6 18. Nc6 bxc6 19. Rxe6 Rfe8 20. Rxe8+ Rxe8 21. Re1 Rxe1+ 22. Nxe1 Kf7 23. Kf1 Ke6 24. Ke2 Kd5 25. Kd3 c5 26. g4 c4+ 27. Ke2 Ne4 28. f3 Nc5 29. Ng2 Nxa4 30. Ne3+ Kc5 31. Nf5 g6 32. Nd4 Nb6 33. Ne6+ Kd6 34. Nf8 Ke5 35. Nxh7 Nd7 36. Kd2 Kf4 37. Ke2 f5 38. gxf5 gxf5 39. h4 Kg3 40. Ke3 f4+ 41. Ke4 Nc5+ 42. Kd5 Nd7 43. Ng5 Kxh4 44. Ne6 Kg3 45. Nd4 c5 46. Ne6 Kxf3 47. Kd6 Nb6 48. Kxc5 Na4+ 49. Kxc4 Nxb2+ 50. Kb3 Nd3 51. Nd4+ Ke4 52. Ka4 f3 53. Nxf3 Kxf3 54. Kxa5 1/2-1/2

[Event "Montigny le Bretonneux op 7th"]
[Site "Montigny le Bretonneux"]
[Date "2003.05.01"]
[Round "3.11"]
[White "Filain, Georges"]
[Black "Benhamouda, Fabrice"]
[Result "1-0"]
[WhiteElo "1710"]
[BlackElo "1580"]
[PlyCount "55"]
[EventDate "2003.05.??"]
[EventType "swiss"]
[EventRounds "9"]
[EventCountry "FRA"]
[SourceTitle "EXT 2004"]
[Source "ChessBase"]
[SourceDate "2003.11.25"]
[SourceVersion "1"]
[SourceVersionDate "2003.11.25"]
[SourceQuality "1"]

1. c4 e5 2. Nc3 Nf6 3. d3 d5 4. cxd5 Nxd5 5. Bd2 Nc6 6. g3 Be6 7. Bg2 Qd7 8. Qb3 Ndb4 9. Qa4 Nd4 10. Qxd7+ Bxd7 11. Rc1 Bc6 12. Bxc6+ Nbxc6 13. e3 Ne6 14. a3 0-0-0 15. Ke2 Nc5 16. Rc2 Nxd3 17. Nf3 Be7 18. e4 Bc5 19. Rf1 Nd4+ 20. Nxd4 Rxd4 21. Be3 Nxb2 22. Bxd4 Bxd4 23. Nb5 Na4 24. Rxc7+ Kb8 25. Rfc1 Rf8 26. Nd6 Bb6 27. Rc8+ Rxc8 28. Rxc8# 1-0